000 00514nam a2200145Ia 4500
008 151213s9999 xx 000 0 und d
100 _aএহসানুল হক রিপন।
245 _aদুই বাংলার লেখক ।
_cএহসানুল হক রিপন।
260 _aঢাকা
_bএহসানুল হক রিপন।
_c1999
300 _a8712 p.
650 _aBangla
650 _aগল্প
700 _aএহসানুল হক রিপন।
999 _c4498
_d4498